Periodic Table of Elements Quiz - Statistics

General Stats
  • This quiz has been taken 17 times
  • The average score is 8 of 10
Answer Stats
Question Answer % Correct
What is the 4th element? Beryllium
100%
What is the 1st element? Hydrogen
100%
What is the 3rd element? Lithium
100%
What is the 118th element? Oganesson
100%
What is the 19th element? Potassium
100%
What is the 6th element? Carbon
80%
What is the 32nd element? Germanium
80%
What is the 22nd element? Titanium
80%
What is the 83th element? Bismuth
40%
What is the 75th element? Rhenium
40%
No matching quizzes found
Score Distribution
Percent of People with Each Score
Percentile by Number Answered
Your Score History
You have not taken this quiz